Alle deutschen Städte mit B - Statistiken

Allgemein
  • Dieses Quiz wurde 2.052 mal gespielt
    2.022 seit der letzten Aktualisierung
  • Das Durchschnittsergebnis liegt bei 94 aus 262
Antwortstatistiken
Einwohner Stadt BL % Korrekt
3.664.088 Berlin BE
99%
566.573 Bremen HB
96%
364.454 Bochum NW
94%
330.579 Bonn NW
93%
333.509 Bielefeld NW
92%
248.561 Braunschweig NI
90%
113.557 Bremerhaven HB
90%
76.674 Bamberg BY
86%
55.449 Baden-Baden BW
84%
74.048 Bayreuth BY
83%
117.388 Bottrop NW
83%
72.040 Brandenburg an der Havel BB
81%
111.636 Bergisch Gladbach NW
78%
25.736 Bingen am Rhein RP
72%
50.121 Böblingen BW
71%
71.061 Bocholt NW
70%
22.240 Burg (bei Magdeburg) ST
70%
54.092 Bad Homburg vor der Höhe HE
68%
51.310 Bad Kreuznach RP
67%
42.650 Borken NW
67%
61.749 Bergheim NW
66%
54.166 Bad Salzuflen NW
64%
38.006 Bautzen SN
64%
48.535 Bad Oeynhausen NW
62%
40.026 Buxtehude NI
61%
30.039 Bad Hersfeld HE
60%
22.421 Bad Kissingen BY
60%
19.141 Bad Tölz BY
60%
40.908 Bernau bei Berlin BB
60%
43.146 Bietigheim-Bissingen BW
60%
37.568 Bitterfeld-Wolfen ST
59%
18.553 Bad Dürkheim RP
58%
9.801 Bad Ems RP
57%
34.505 Balingen BW
57%
32.493 Bad Nauheim HE
56%
33.510 Biberach an der Riß BW
56%
43.673 Brühl NW
56%
36.637 Beckum NW
55%
32.257 Bernburg (Saale) ST
55%
48.348 Bornheim NW
55%
17.641 Bad Segeberg SH
54%
48.919 Bergkamen NW
54%
15.181 Bitburg RP
54%
31.225 Bramsche NI
54%
21.452 Büren NW
54%
24.784 Bad Oldesloe SH
53%
10.295 Bad Orb HE
53%
45.364 Bruchsal BW
53%
45.376 Bünde NW
53%
27.915 Baunatal HE
52%
40.791 Bensheim HE
52%
18.795 Burghausen BY
52%
18.847 Bad Berleburg NW
51%
28.634 Bad Neuenahr-Ahrweiler RP
51%
15.369 Boppard RP
51%
26.476 Butzbach HE
51%
19.162 Bad Pyrmont NI
50%
22.871 Bad Soden am Taunus HE
50%
34.714 Bad Vilbel HE
50%
25.336 Brilon NW
50%
25.759 Bad Honnef NW
49%
24.034 Bad Mergentheim BW
49%
18.530 Bad Reichenhall BY
49%
23.177 Bad Salzungen TH
49%
20.240 Bad Schwartau SH
49%
19.374 Blankenburg (Harz) ST
49%
40.091 Buchholz in der Nordheide NI
49%
37.558 Backnang BW
48%
16.408 Bad Lippspringe NW
48%
15.770 Bad Bentheim NI
47%
13.572 Bergen auf Rügen MV
47%
7.092 Bernkastel-Kues RP
47%
5.763 Braunlage NI
47%
18.902 Bad Driburg NW
46%
21.820 Bad Harzburg NI
46%
15.261 Bad Neustadt an der Saale BY
46%
3.511 Bad Schandau SN
46%
17.287 Bad Wildungen HE
46%
34.394 Barsinghausen NI
46%
7.034 Birkenfeld RP
46%
28.889 Bühl BW
46%
15.571 Bad Arolsen HE
45%
17.387 Bad Münstereifel NW
45%
22.808 Büdingen HE
45%
30.899 Burgdorf NI
45%
12.755 Bad Doberan MV
44%
29.538 Bretten BW
44%
12.364 Brunsbüttel SH
44%
15.128 Bad Bramstedt SH
43%
8.460 Bad Sooden-Allendorf HE
43%
5.002 Borkum NI
43%
14.824 Brake (Unterweser) NI
43%
8.271 Bad Bergzabern RP
42%
13.412 Bad Laasphe NW
42%
10.294 Bad Lauterberg im Harz NI
42%
16.327 Bad Wörishofen BY
42%
18.564 Bremervörde NI
42%
9.492 Bad Gandersheim NI
41%
11.279 Bad Nenndorf NI
41%
15.984 Bargteheide SH
41%
13.855 Bebra HE
41%
10.722 Boizenburg/Elbe MV
41%
10.540 Bad Iburg NI
40%
9.835 Bad König HE
40%
12.434 Blaubeuren BW
40%
9.237 Bad Bevensen NI
39%
17.211 Bad Langensalza TH
39%
17.415 Bad Münder am Deister NI
39%
21.650 Bad Rappenau BW
39%
19.120 Borna SN
39%
20.229 Burgwedel NI
39%
16.492 Bürstadt HE
39%
19.097 Bad Aibling BY
38%
12.174 Bad Fallingbostel NI
38%
7.373 Bad Sachsa NI
38%
13.382 Bergen (Landkreis Celle) NI
38%
11.007 Braunfels HE
38%
19.351 Bückeburg NI
38%
27.319 Baesweiler NW
37%
20.287 Blieskastel SL
37%
18.527 Burscheid NW
37%
1.878 Bacharach RP
36%
16.072 Bassum NI
36%
5.391 Battenberg (Eder) HE
36%
14.184 Bad Camberg HE
35%
23.743 Bedburg NW
35%
3.587 Bad Karlshafen HE
34%
20.783 Bad Krozingen BW
34%
11.207 Bad Schwalbach HE
34%
18.502 Bergneustadt NW
34%
11.538 Billerbeck NW
34%
16.125 Brakel NW
34%
12.473 Bad Urach BW
33%
9.780 Bockenem NI
33%
15.439 Breisach am Rhein BW
33%
12.286 Bad Freienwalde (Oder) BB
32%
13.255 Bad Salzdetfurth NI
32%
10.428 Barmstedt SH
32%
15.093 Blomberg NW
32%
5.588 Bodenwerder NI
32%
10.085 Bogen BY
32%
17.567 Bad Saulgau BW
31%
13.566 Bad Soden-Salmünster HE
31%
10.076 Betzdorf RP
31%
9.561 Bleckede NI
31%
13.414 Bad Dürrheim BW
30%
11.217 Balve NW
30%
8.609 Barth MV
30%
13.064 Beverungen NW
30%
10.466 Büdelsdorf SH
30%
6.399 Burgkunstadt BY
30%
12.818 Beelitz BB
29%
13.491 Biedenkopf HE
29%
10.788 Bischofswerda SN
29%
11.690 Bopfingen BW
29%
17.773 Buchen (Odenwald) BW
29%
19.504 Bad Friedrichshall BW
28%
20.103 Bad Waldsee BW
28%
7.308 Bad Wimpfen BW
28%
20.512 Bruchköbel HE
28%
16.927 Babenhausen HE
27%
11.096 Bad Belzig BB
27%
7.520 Bad Berka TH
27%
6.191 Bad Blankenburg TH
27%
9.530 Bad Breisig RP
27%
17.510 Bad Säckingen BW
27%
8.853 Bad Schussenried BW
27%
12.206 Bad Wünnenberg NW
27%
16.303 Blaustein BW
27%
8.501 Borgentreich NW
27%
8.912 Breckerfeld NW
27%
1.731 Bad Sülze MV
26%
12.195 Bad Windsheim BY
26%
8.070 Beeskow BB
26%
16.893 Bendorf RP
26%
13.406 Buchloe BY
26%
3.638 Bad Elster SN
25%
10.019 Bad Frankenhausen/Kyffhäuser TH
25%
9.224 Bad Liebenwerda BB
25%
4.783 Bischofsheim in der Rhön BY
25%
3.047 Bürgel TH
25%
10.386 Bad Wildbad BW
24%
12.506 Borken (Hessen) HE
24%
12.241 Burladingen BW
24%
11.499 Bad Dürrenberg ST
23%
8.964 Borgholzhausen NW
23%
5.633 Bredstedt SH
23%
9.629 Bad Liebenzell BW
22%
6.103 Bad Marienberg (Westerwald) RP
22%
10.244 Bleicherode TH
22%
10.426 Braunsbedra ST
22%
13.970 Burglengenfeld BY
22%
6.470 Bad Brückenau BY
21%
8.129 Bad Schmiedeberg ST
21%
6.718 Boxberg BW
21%
2.553 Bad Wilsnack BB
20%
8.501 Barntrup NW
20%
8.722 Bersenbrück NI
20%
17.565 Bexbach SL
20%
9.638 Brandis SN
20%
3.945 Brück BB
20%
10.530 Burgstädt SN
20%
7.829 Bützow MV
20%
3.681 Bad Muskau SN
19%
8.883 Ballenstedt ST
19%
10.155 Blumberg BW
19%
10.159 Burgau BY
19%
8.085 Bad Herrenalb BW
18%
10.474 Bad Staffelstein BY
18%
7.678 Bad Sulza TH
18%
14.782 Bad Wurzach BW
18%
6.502 Blankenhain TH
18%
5.359 Burg Stargard MV
18%
7.665 Bad Liebenstein TH
17%
5.843 Bad Lobenstein TH
17%
5.982 Bad Hönningen RP
16%
8.781 Bad Lauchstädt ST
16%
8.226 Barby ST
16%
9.908 Beilngries BY
16%
17.628 Bobingen BY
16%
6.953 Bonndorf im Schwarzwald BW
16%
4.329 Baumholder RP
14%
12.643 Besigheim BW
14%
16.086 Brackenheim BW
14%
8.994 Bad Griesbach im Rottal BY
13%
8.087 Bad Lausick SN
13%
2.474 Bad Tennstedt TH
13%
7.647 Belgern-Schildau SN
13%
2.954 Braubach RP
13%
7.833 Bad Düben SN
12%
7.381 Bad Kötzting BY
12%
4.225 Baruth/Mark BB
12%
3.224 Berga/Elster TH
12%
2.482 Betzenstein BY
12%
9.145 Brand-Erbisdorf SN
12%
7.496 Breuberg HE
12%
3.461 Bad Köstritz TH
11%
2.587 Brüel MV
11%
6.045 Bad Königshofen im Grabfeld BY
10%
8.094 Bismark (Altmark) ST
10%
3.368 Burgbernheim BY
10%
6.468 Bad Sobernheim RP
9%
7.945 Baiersdorf BY
9%
5.987 Brotterode-Trusetal TH
9%
1.474 Buckow (Märkische Schweiz) BB
9%
4.347 Bad Buchau BW
8%
5.538 Bad Gottleuba-Berggießhübel SN
8%
8.864 Berching BY
8%
6.662 Böhlen SN
8%
1.804 Brüssow BB
8%
6.375 Bad Rodach BY
7%
6.224 Beilstein BW
7%
8.190 Bönnigheim BW
7%
2.654 Bad Bibra ST
6%
6.344 Bernsdorf SN
6%
4.384 Bad Berneck im Fichtelgebirge BY
5%
3.957 Baunach BY
5%
3.298 Bernstadt auf dem Eigen SN
5%
3.143 Bad Teinach-Zavelstein BW
4%
5.898 Bräunlingen BW
4%
3.055 Bärnau BY
3%
6.029 Biesenthal BB
3%
Keine übereinstimmenden Quizze gefunden
Verteilung der Resultate
Anzahl Personen mit jedem Resultat
Perzentil nach korrekt beantworteten Fragen
Ihre Resultats-Entwicklung
Sie haben dieses Quiz seit der letzten Aktualisierung nicht gespielt